|
|
|
|
| LEADER |
00000nam0a2200000 4500 |
| 001 |
158759 |
| 005 |
20231101222047.0 |
| 010 |
|
|
|a 9785811406951
|
| 035 |
|
|
|a (RuTPU)RU\TPU\book\172184
|
| 035 |
|
|
|a RU\TPU\book\114013
|
| 090 |
|
|
|a 158759
|
| 100 |
|
|
|a 20090428d2009 m y0rusy50 ca
|
| 101 |
0 |
|
|a rus
|
| 102 |
|
|
|a RU
|
| 105 |
|
|
|a a j 001zy
|
| 200 |
1 |
|
|a Основы вычислительной математики
|e учебное пособие
|f Б. П. Демидович, И. А. Марон
|
| 205 |
|
|
|a 7-е изд., стер.
|
| 210 |
|
|
|a СПб.
|c Лань
|d 2009
|
| 215 |
|
|
|a 672 с.
|c ил.
|
| 225 |
1 |
|
|a Лучшие классические учебники. Математика
|
| 320 |
|
|
|a Библиография в конце глав.
|
| 320 |
|
|
|a Предметный указатель: с. 659-664.
|
| 330 |
|
|
|a В учебном пособии излагаются важнейшие методы и приемы вычислительной математики на базе общего курса высшей математики для технических вузов. Основная часть книги посвящена курсу приближенных вычислений. Рассматриваются следующие вопросы: действия с приближенными числами, вычисление значений функций при помощи рядов и итеративных процессов, приближенное и численное решение алгебраических и трансцендентных уравнений, вычислительные методы линейной алгебры, интерполирование функций, численное дифференцирование и интегрирование функций, метод Монте-Карло и др. В изложении материала широко используются основы матричного исчисления. Учебное пособие предназначено для студентов технических вузов. Книга также может быть полезна специалистам, работающим в области прикладной математики.
|
| 451 |
|
1 |
|0 (RuTPU)RU\TPU\book\114013
|y 5-8114-0695-9
|t Основы вычислительной математики
|o учебное пособие
|f Б. П. Демидович, И. А. Марон
|e 5-е изд., стер.
|c СПб.
|n Лань
|d 2006
|p 672 с.
|s Лучшие классические учебники. Математика
|a Демидович, Борис Павлович
|
| 606 |
1 |
|
|a Вычислительная математика
|2 stltpush
|3 (RuTPU)RU\TPU\subj\4022
|9 32338
|
| 610 |
1 |
|
|a приближенное дифференцирование
|
| 610 |
1 |
|
|a приближенное интегрирование
|
| 610 |
1 |
|
|a метод Монте-Карло
|
| 610 |
1 |
|
|a учебные пособия
|
| 610 |
1 |
|
|a приближенные числа
|
| 610 |
1 |
|
|a цепные дроби
|
| 610 |
1 |
|
|a функции
|
| 610 |
1 |
|
|a алгебраические уравнения
|
| 610 |
1 |
|
|a трансцендентные уравнения
|
| 610 |
1 |
|
|a приближенные решения
|
| 610 |
1 |
|
|a ряды
|
| 610 |
1 |
|
|a сходимость
|
| 610 |
1 |
|
|a матрицы
|
| 610 |
1 |
|
|a алгебра
|
| 610 |
1 |
|
|a линейные уравнения
|
| 610 |
1 |
|
|a системы уравнений
|
| 610 |
1 |
|
|a интеграционные процессы
|
| 610 |
1 |
|
|a интерполирование
|
| 610 |
1 |
|
|a нелинейные уравнения
|
| 610 |
1 |
|
|a линейные векторные пространства
|
| 610 |
1 |
|
|a собственные значения
|
| 610 |
1 |
|
|a собственные векторы
|
| 675 |
|
|
|a 519.6(075.8)
|v 3
|
| 700 |
|
1 |
|a Демидович
|b Б. П.
|g Борис Павлович
|
| 701 |
|
1 |
|a Марон
|b И. А.
|g Исаак Абрамович
|
| 801 |
|
1 |
|a RU
|b 63413507
|c 20061120
|g PSBO
|
| 801 |
|
2 |
|a RU
|b 63413507
|c 20220603
|g PSBO
|
| 900 |
|
|
|a Вычислительная математика
|
| 900 |
|
|
|a Метод Монте-Карло в науке и технике
|
| 900 |
|
|
|a Дополнительные главы математики
|
| 900 |
|
|
|a Математические методы проектирования
|
| 942 |
|
|
|c BK
|
| 959 |
|
|
|a 48/20100812
|d 10
|e 568,26
|f Ф_ТПУ_Новокузнецк:10
|